Sports Quiz

Random Sports Quiz

Women's World Dart Champions Quiz Stats

 Plays Quiz not verified by Sporcle

Challenge
Share
Tweet
Embed
Score 0/18 Timer 05:00
0 Plays Today
Year Answer % Correct
2001Trina Gulliver
95.1%
2002Trina Gulliver
95.1%
2003Trina Gulliver
95.1%
2004Trina Gulliver
95.1%
2005Trina Gulliver
95.1%
2006Trina Gulliver
95.1%
2007Trina Gulliver
95.1%
2010Trina Gulliver
95.1%
2011Trina Gulliver
95.1%
Year Answer % Correct
2016Trina Gulliver
95.1%
2014Lisa Ashton
90.3%
2015Lisa Ashton
90.3%
2017Lisa Ashton
90.3%
2008Anastasia Dobromyslova
78.6%
2012Anastasia Dobromyslova
78.6%
2013Anastasia Dobromyslova
78.6%
2009Francis Hoenselaar
56.3%
2010Stacy Bromberg
37.9%

You're not logged in!

Compare scores with friends on all Sporcle quizzes.
Join for Free
OR
Log In

You Might Also Like...

Show Comments

Extras

Top Quizzes Today


Score Distribution

Your Account Isn't Verified!

In order to create a playlist on Sporcle, you need to verify the email address you used during registration. Go to your Sporcle Settings to finish the process.

Report this User

Report this user for behavior that violates our Community Guidelines.

Details: